Potential common law liability for privately provided flood defences (Record no. 74492)
[ view plain ]
| 000 -LEADER | |
|---|---|
| fixed length control field | 01338cab a2200217 4500 |
| 001 - CONTROL NUMBER | |
| control field | ABS68157 |
| 008 - FIXED-LENGTH DATA ELEMENTS--GENERAL INFORMATION | |
| fixed length control field | 040806n2004 000 0 eng u |
| 035 ## - SYSTEM CONTROL NUMBER | |
| System control number | (Sirsi) u127024 |
| 100 ## - MAIN ENTRY--PERSONAL NAME | |
| Personal name | Wynn, P. |
| 245 ## - TITLE STATEMENT | |
| Title | Potential common law liability for privately provided flood defences |
| 260 ## - PUBLICATION, DISTRIBUTION, ETC. | |
| Date of publication, distribution, etc. | 2004 |
| 490 ## - SERIES STATEMENT | |
| Series statement | Structural Survey |
| Volume/sequential designation | 22(2) 2004, 110-113(4) |
| 520 ## - SUMMARY, ETC. | |
| Summary, etc. | Argues that, as public bodies have no statutory duty to provide flood defences, there is encouragement for householders to undertake do-it-yourself flood defences. Such measures are not without risk of damage to other properties. No cases have been published directly concerning liabilities for damage resulting from these activities. Identfies cases which have similar relevant material facts, although not arising from flood defences. These include those concerning the receipt and passage of naturally flowing water, the increased passage of water to the property of others and the overtopping or failure of structures that have held back water are examined. Concludes that protecting one's property from flooding is legally a relatively safe activity. [Taken from journal abstract]. |
| 590 ## - LOCAL NOTE (RLIN) | |
| Local note | ABS |
| 650 ## - SUBJECT ADDED ENTRY--TOPICAL TERM | |
| Topical term or geographic name entry element | FLOOD DEFENCES |
| 650 ## - SUBJECT ADDED ENTRY--TOPICAL TERM | |
| Topical term or geographic name entry element | FLOODING |
| 650 ## - SUBJECT ADDED ENTRY--TOPICAL TERM | |
| Topical term or geographic name entry element | FLOOD RISK |
| 650 ## - SUBJECT ADDED ENTRY--TOPICAL TERM | |
| Topical term or geographic name entry element | COMMON LAW LIABILITIES |
| 690 ## - LOCAL SUBJECT ADDED ENTRY--TOPICAL TERM (OCLC, RLIN) | |
| Topical term or geographic name as entry element | PROPERTY |
| 942 ## - ADDED ENTRY ELEMENTS (KOHA) | |
| Suppress in OPAC | 0 |
| Withdrawn status | Lost status | Source of classification or shelving scheme | Damaged status | Not for loan | Home library | Current library | Shelving location | Date acquired | Total Checkouts | Full call number | Barcode | Date last seen | Copy number | Price effective from | Koha item type |
|---|---|---|---|---|---|---|---|---|---|---|---|---|---|---|---|
| Dewey Decimal Classification | London | London | Journal article | 06/08/2004 | ABS68157 | 127024-1001 | 06/08/2019 | 1 | 06/08/2019 | Journal article |